<?xml version="1.0" encoding="UTF-8"?>
<record
    xmlns:xsi="http://www.w3.org/2001/XMLSchema-instance"
    xsi:schemaLocation="http://www.loc.gov/MARC21/slim http://www.loc.gov/standards/marcxml/schema/MARC21slim.xsd"
    xmlns="http://www.loc.gov/MARC21/slim">

  <leader>03039nam a2200553Ia 4500</leader>
  <controlfield tag="001">5183</controlfield>
  <controlfield tag="008">241029s9999    xx            000 0 und d</controlfield>
  <datafield tag="010" ind1=" " ind2=" ">
    <subfield code="a">4893</subfield>
  </datafield>
  <datafield tag="041" ind1=" " ind2=" ">
    <subfield code="a">Espa&#xF1;ol</subfield>
  </datafield>
  <datafield tag="082" ind1=" " ind2=" ">
    <subfield code="a">NO APLICA</subfield>
  </datafield>
  <datafield tag="245" ind1=" " ind2="0">
    <subfield code="a">An&#xE1;lisis de las estrategias utilizadas por los docentes del &#xE1;rea de Matem&#xE1;tica en el aprendizaje de los/as estudiantes en el liceo Max Henr&#xED;quez Ure&#xF1;a, Distrito Educativo15-01, Municipio Los Alcarrizos.  Santo Domingo Oeste.  2014-2015.</subfield>
  </datafield>
  <datafield tag="260" ind1=" " ind2=" ">
    <subfield code="a">Santo Domingo</subfield>
  </datafield>
  <datafield tag="300" ind1=" " ind2=" ">
    <subfield code="a">81</subfield>
  </datafield>
  <datafield tag="520" ind1=" " ind2=" ">
    <subfield code="a">48</subfield>
  </datafield>
  <datafield tag="630" ind1=" " ind2=" ">
    <subfield code="a">Aprendizaje</subfield>
  </datafield>
  <datafield tag="630" ind1=" " ind2=" ">
    <subfield code="a">Estrategia Docente</subfield>
  </datafield>
  <datafield tag="630" ind1=" " ind2=" ">
    <subfield code="a">Matem&#xE1;tica</subfield>
  </datafield>
  <datafield tag="630" ind1=" " ind2=" ">
    <subfield code="a">Nivel Medio</subfield>
  </datafield>
  <datafield tag="650" ind1=" " ind2=" ">
    <subfield code="a">Matem&#xE1;tica</subfield>
  </datafield>
  <datafield tag="690" ind1=" " ind2=" ">
    <subfield code="a">Elaborado</subfield>
  </datafield>
  <datafield tag="700" ind1=" " ind2=" ">
    <subfield code="e">asesor</subfield>
    <subfield code="a">Castro Araujo, Luc&#xED;a </subfield>
  </datafield>
  <datafield tag="700" ind1=" " ind2=" ">
    <subfield code="e">autor</subfield>
    <subfield code="a">Maleno Lin&#xE1;rez , Grabiela </subfield>
  </datafield>
  <datafield tag="901" ind1=" " ind2=" ">
    <subfield code="a">{"1":"Maleno Lin&#xE1;rez "}</subfield>
    <subfield code="b">{"1":"Grabiela "}</subfield>
  </datafield>
  <datafield tag="902" ind1=" " ind2=" ">
    <subfield code="a">1</subfield>
  </datafield>
  <datafield tag="903" ind1=" " ind2=" ">
    <subfield code="a">{"1":"Castro Araujo"}</subfield>
    <subfield code="b">{"1":"Luc&#xED;a "}</subfield>
  </datafield>
  <datafield tag="904" ind1=" " ind2=" ">
    <subfield code="a">Maestr&#xED;a Profesionalizante en</subfield>
  </datafield>
  <datafield tag="905" ind1=" " ind2=" ">
    <subfield code="a">Did&#xE1;ctica de las Matem&#xE1;ticas</subfield>
  </datafield>
  <datafield tag="906" ind1=" " ind2=" ">
    <subfield code="a">2</subfield>
  </datafield>
  <datafield tag="907" ind1=" " ind2=" ">
    <subfield code="a">NO APLICA</subfield>
  </datafield>
  <datafield tag="908" ind1=" " ind2=" ">
    <subfield code="a">NO APLICA</subfield>
  </datafield>
  <datafield tag="909" ind1=" " ind2=" ">
    <subfield code="a">Universidad Aut&#xF3;noma de Santo Domingo (UASD)</subfield>
  </datafield>
  <datafield tag="910" ind1=" " ind2=" ">
    <subfield code="a">NULL</subfield>
    <subfield code="b">NULL</subfield>
  </datafield>
  <datafield tag="911" ind1=" " ind2=" ">
    <subfield code="a">["1"]</subfield>
  </datafield>
  <datafield tag="912" ind1=" " ind2=" ">
    <subfield code="a">NO APLICA</subfield>
  </datafield>
  <datafield tag="913" ind1=" " ind2=" ">
    <subfield code="a">NULL</subfield>
  </datafield>
  <datafield tag="914" ind1=" " ind2=" ">
    <subfield code="a">03 de Agosto de 2015</subfield>
  </datafield>
  <datafield tag="915" ind1=" " ind2=" ">
    <subfield code="a">01/11/19 12:11</subfield>
  </datafield>
  <datafield tag="916" ind1=" " ind2=" ">
    <subfield code="a">NULL</subfield>
  </datafield>
  <datafield tag="917" ind1=" " ind2=" ">
    <subfield code="a">NULL</subfield>
  </datafield>
  <datafield tag="918" ind1=" " ind2=" ">
    <subfield code="a">NO APLICA</subfield>
  </datafield>
  <datafield tag="919" ind1=" " ind2=" ">
    <subfield code="a">["18","94","135","240"]</subfield>
  </datafield>
  <datafield tag="520" ind1=" " ind2=" ">
    <subfield code="a">El estudio tuvo como objetivo general analizar las estrategias utilizadas por los docentes del &#xE1;rea de Matem&#xE1;tica en el aprendizaje de los/as estudiantes en el Liceo Max Henr&#xED;quez Ure&#xF1;a, Distrito Educativo 15-01, 2014-2015.&#xA0;La investigaci&#xF3;n fue de tipo descriptiva y se utilizaron los m&#xE9;todos anal&#xED;tico, inductivo y sint&#xE9;tico. Las t&#xE9;cnicas utilizadas fueron la observaci&#xF3;n, la recopilaci&#xF3;n documental y el cuestionario como instrumento. La poblaci&#xF3;n sometida a estudio fue el cuerpo docente del &#xE1;rea de Matem&#xE1;tica, el cual est&#xE1; compuesto por ocho (8) docentes &#xA0;del &#xE1;rea de Matem&#xE1;tica del liceo Max Henr&#xED;quez Ure&#xF1;a del Distrito Educativo 15-01 del municipio Los Alcarrizos.La investigaci&#xF3;n concluy&#xF3; se&#xF1;alando que los resultados indicaron que los recursos utilizados por la mayor&#xED;a de los docentes del &#xE1;rea de Matem&#xE1;tica no favorece el desarrollo de las estrategias de ense&#xF1;anza, puesto que obvian los beneficios que la tecnolog&#xED;a ofrece al proceso de ense&#xF1;anza-aprendizaje. &#xA0;&#xA0;El estudio recomend&#xF3; motivar a los docentes para &#xA0;que est&#xE9;n en disposici&#xF3;n de enfrentar los retos que les imponen los adelantos cient&#xED;ficos, tecnol&#xF3;gicos, as&#xED; como los cambios paradigm&#xE1;ticos, a fin de elevar la calidad de los profesionales requeridos por la sociedad, que le permitan la utilizaci&#xF3;n de nuevas estrategias y recursos que dinamicen las pr&#xE1;cticas &#xE1;ulicas y &#xA0;se sientan comprometidos con la planificaci&#xF3;n y adecuaci&#xF3;n de estas estrategias.</subfield>
  </datafield>
  <datafield tag="921" ind1=" " ind2=" ">
    <subfield code="a">50</subfield>
  </datafield>
  <datafield tag="922" ind1=" " ind2=" ">
    <subfield code="a">50</subfield>
  </datafield>
  <datafield tag="923" ind1=" " ind2=" ">
    <subfield code="a">0</subfield>
  </datafield>
  <datafield tag="924" ind1=" " ind2=" ">
    <subfield code="a">20190910191900</subfield>
  </datafield>
  <datafield tag="942" ind1=" " ind2=" ">
    <subfield code="c">Tesis</subfield>
  </datafield>
  <datafield tag="999" ind1=" " ind2=" ">
    <subfield code="c">4893</subfield>
    <subfield code="d">4893</subfield>
  </datafield>
</record>
